Statistics for Casual - Chappell Roan (All Lyrics)

Click here to take the quiz!

General Stats

  • This quiz has been taken 77 times
  • The average score is 311 of 365

Answer Stats

Answers% Correct
I
100%
me
100%
you
100%
You
100%
a
98%
seat
98%
I'm
96%
in
96%
no
96%
the
96%
Your
96%
your
96%
casual
95%
passenger
95%
deep
93%
eating
93%
Is
93%
it
93%
Knee
93%
mom
93%
my
93%
My
93%
Now
93%
now?
93%
now
93%
out
93%
an
91%
and
91%
And
91%
be
91%
friends
91%
to
91%
we
91%
you're
91%
at
89%
Beach
89%
invites
89%
Long
89%
long
89%
why
89%
"Baby
88%
Baby
88%
baby
88%
girl
88%
house
88%
on
88%
Two
88%
weeks
88%
call
86%
so
86%
So
86%
we're
86%
"We're
86%
When
86%
when
86%
around
84%
bang
84%
'Cause
84%
couch
84%
hanging
84%
her
84%
know
84%
lose
84%
loser
84%
of
84%
get
82%
just
82%
still
82%
again
81%
bra
81%
dresser
81%
favorite
81%
It's
81%
it's
81%
off
81%
said
81%
that
81%
That
81%
But
79%
but
79%
tell
79%
what
79%
anger
77%
attachment"
77%
better
77%
down
77%
have
77%
issues
77%
not
77%
sister
77%
thought
77%
being
75%
phone
75%
talking
75%
try
75%
hard
74%
If
74%
if
74%
kiss
74%
together"
72%
heard
70%
pier
70%
chill
68%
couldn't
68%
fucked
68%
I've
68%
many
68%
show
68%
Someone
68%
Then
68%
us
68%
year
68%
bathroom
67%
bitter
67%
dinner
67%
gives
67%
rumors
67%
stupid
67%
went
67%
holds
65%
honestly
65%
space
65%
table
65%
apartment
63%
Dream
63%
let
63%
love
63%
tongue
63%
go
61%
parents
60%
Hate
58%
hate
58%
lives
58%
Maybe
58%
Dumb
56%
truth
56%
can
54%
this
54%
we'd
54%
you'd
54%
hell
53%
wonder
53%
drag
51%
myself
49%
didn't
46%
hit
46%
Bragging
44%
sorry
42%
dude
30%

Score Distribution

Percentile by Number Answered

Percent of People with Each Score

Your Score History

You have not taken this quiz